Focus sur: Belegorn - Tolkien - Statistiques

Statistiques générales
  • Ce quiz a été pris 4 fois
  • Le résultat moyen est 8 sur 9
Statistiques - réponses
Informations recherchées Réponses % Correct
Contrée Gondor
100%
Espèce Homme
100%
Profession et titre Intendant du Gondor
100%
Première mention Le Seigneur des Anneaux: Le Retour du Roi
100%
Cité Minas Anor
100%
Lignée (partiellement) Númenor
100%
Age durant lequel il vécut Troisième
100%
Fils Húrin Ier
50%
Père Herion
25%
Aucun quiz correspondant
Distribution des résultats
% des personnes avec chaque résultat
Percentile par nombre de réponses
Votre historique - résultats
Vous n’avez pas pris ce quiz